000 00503nam a22001577a 4500
005 20251108164216.0
008 250721s1985 xx 000 0 ara d
082 1 4 _a216/اعل
100 1 _aالمودودي، أبو الأعلى
245 1 0 _aالقانون الإسلامي و طرق تنفيذه /
264 1 _aالقاهرة :
_bالدار السعودية للنشر و التوزيع،
_c1985.
300 _a86ص.
650 1 7 _aالفقه الإسلامي
942 _2ddc
_cBK
999 _c6408
_d6408